00609nam a2200193Ia 4500008004100000020001500041040001900056041001200075082002800087100002100115245010800136260003300244300001800277440002200295504001900317650003900336700001900375850002100394131103s9999 xx 000 0 und d a8178081318 aLoreto College aEnglish a005.74/FOLbLCLIB/45621 aFolk, Michael J. aFile structuresb An Object - Oriented approach with C++ cMichael J. Folk, Bill Zoellick, Greg Ricardi aNew DelhibPearson Education a744p c 24 cm aLow Price Edition aIncludes index aFile Structures (Computer Science) aZoellick, Bill aLCLIB/005.74/FOL